Brawler nach Bild #1 - Statistiken

Allgemein
  • Dieses Quiz wurde 224 mal gespielt
  • Das Durchschnittsergebnis liegt bei 15 aus 16
Antwortstatistiken
Bildquiz Antwort % Korrekt
Shelly
100%
El Primo
99%
Bull
98%
Nita
98%
Poco
98%
Colt
97%
rosa
97%
8 Bit
96%
Barley
96%
Brock
96%
Dynamike
95%
Jessie
95%
Tick
95%
Rico
93%
Darryl
92%
Penny
92%
Keine übereinstimmenden Quizze gefunden
Verteilung der Resultate
Anzahl Personen mit jedem Resultat
Perzentil nach korrekt beantworteten Fragen
Ihre Resultats-Entwicklung
Sie haben dieses Quiz noch nicht gespielt